[Event "Druga liga CS - Zapad 2018"]
[Site "?"]
[Date "2018.10.05"]
[Round "8.6"]
[White "Cvijovic, Marko"]
[Black "Radovanovic, Zoran S"]
[Result "1/2-1/2"]
[WhiteElo "1654"]
[BlackElo "1919"]
[PlyCount "43"]
[EventDate "2018.09.07"]
[WhiteTeam "SLOBODA - Uzice"]
[BlackTeam "KRUPANJSKI SK - Krupanj"]

1. d4 Nf6 2. Nc3 d5 3. Bg5 Nbd7 4. Nf3 g6 5. e3 Bg7 6. Bd3 c6 7. O-O O-O 8. a4
Re8 9. Re1 Qa5 10. Rb1 Qb4 11. Qd2 e5 12. dxe5 Nxe5 13. Nxe5 Rxe5 14. Bf4 Re8
15. e4 Be6 16. Nxd5 Nxd5 17. exd5 Qxd2 18. Bxd2 Bxd5 19. c3 Rad8 20. Rxe8+ Rxe8
21. Re1 Rxe1+ 22. Bxe1 1/2-1/2

[Event "II liga CS- zapad"]
[Site "Arandjelovac"]
[Date "2018.10.05"]
[Round "8.1"]
[White "Danilovic, Aleksandar"]
[Black "Pikula, Dejan"]
[Result "0-1"]
[WhiteElo "2403"]
[BlackElo "2469"]
[PlyCount "122"]
[EventDate "2018.??.??"]

1. Nf3 Nf6 2. c4 e6 3. g3 d5 4. b3 Be7 5. Bb2 O-O 6. Bg2 b6 7. O-O Bb7 8. e3
Nbd7 9. Nc3 c5 10. Qe2 a6 11. cxd5 exd5 12. d4 Re8 13. Rfd1 Bf8 14. Rac1 Rc8
15. Rc2 Rc7 16. dxc5 bxc5 17. Na4 d4 18. Nh4 dxe3 19. fxe3 Bxg2 20. Nxg2 Qa8
21. Bxf6 Nxf6 22. Nb6 Qc6 23. Nc4 Ne4 24. Nf4 Rd7 25. Rcc1 Rxd1+ 26. Qxd1 Qf6
27. Qf1 Rd8 28. Rd1 Rxd1 29. Qxd1 g5 30. Nd3 Qf5 31. Qf1 Qd5 32. Nf2 Nc3 33. a4
Qb7 34. Qd3 Qxb3 35. Ne4 Ne2+ 36. Qxe2 Qb1+ 37. Kf2 Qxe4 38. g4 Qh1 39. Kg3
Qg1+ 40. Kh3 Qa1 41. Qc2 Qf1+ 42. Kg3 Qg1+ 43. Kf3 Qf1+ 44. Kg3 h6 45. Qe4 Qe1+
46. Kh3 Qb4 47. a5 Qe1 48. Qf5 Qc1 49. Qd5 Qf1+ 50. Kg3 Qg1+ 51. Kh3 Qf2 52.
Qe4 Be7 53. Qf5 Qe2 54. Qe4 Qd1 55. Qf5 Bd6 56. Qf6 Bf4 57. Nd2 Qxd2 58. exf4
Qxf4 59. Qc6 c4 60. Qc8+ Kg7 61. Kg2 Qd2+ 0-1

[Event "II liga CS- zapad"]
[Site "Arandjelovac"]
[Date "2018.10.05"]
[Round "8.2"]
[White "Tomic, Aleksandar"]
[Black "Vuckovic, Branko"]
[Result "0-1"]
[WhiteElo "2293"]
[BlackElo "2245"]
[PlyCount "92"]
[EventDate "2018.??.??"]

1. d4 Nf6 2. Bg5 d5 3. Nc3 Nbd7 4. Qd3 c6 5. e4 dxe4 6. Nxe4 Nxe4 7. Qxe4 Qb6
8. O-O-O Qa5 9. Nf3 Qxa2 10. Bd3 e6 11. c3 h6 12. Bh4 Bd6 13. Nd2 Nb6 14. Kc2
Bd7 15. Ra1 Qd5 16. Qe2 Bf4 17. Ne4 O-O 18. Qg4 f5 19. Qxf4 fxe4 20. Qxe4 Qxe4
21. Bxe4 Rf4 22. Bf3 Rxh4 23. g3 Rf8 24. gxh4 Rxf3 25. Rxa7 Rxf2+ 26. Kb3 e5
27. dxe5 Be6+ 28. Kb4 Rxb2+ 29. Kc5 Nc4 30. Rha1 Bd5 31. R1a2 Rb5+ 32. Kd4 Be6
33. Ra8+ Kf7 34. R2a7 Kg6 35. Re8 Kf7 36. Rxe6 Kxe6 37. Kxc4 Kxe5 38. Ra8 Ke6
39. Rg8 Kf7 40. Rd8 g6 41. Rd6 Rh5 42. Rd7+ Ke6 43. Rxb7 Kd6 44. Rb2 Rxh4+ 45.
Kd3 Kd5 46. Re2 g5 0-1

[Event "II liga CS- zapad"]
[Site "Arandjelovac"]
[Date "2018.10.05"]
[Round "8.3"]
[White "Bugarcic, Ivan"]
[Black "Brkljaca, Ante"]
[Result "1/2-1/2"]
[WhiteElo "2184"]
[BlackElo "2280"]
[PlyCount "20"]
[EventDate "2018.??.??"]

1. Nf3 Nf6 2. g3 g6 3. Bg2 Bg7 4. d3 c5 5. e4 Nc6 6. O-O O-O 7. Re1 d6 8. c3 h6
9. d4 cxd4 10. cxd4 d5 1/2-1/2

[Event "II liga CS- zapad"]
[Site "Arandjelovac"]
[Date "2018.10.05"]
[Round "8.4"]
[White "Vojinovic, Luka"]
[Black "Naskovic, Filip"]
[Result "1-0"]
[WhiteElo "2205"]
[BlackElo "2197"]
[PlyCount "69"]
[EventDate "2018.??.??"]

1. d4 Nf6 2. Nf3 e6 3. e3 b6 4. Bd3 Bb7 5. Nbd2 Be7 6. b3 d6 7. Bb2 Nbd7 8. O-O
c5 9. c4 Qc7 10. a3 O-O-O 11. e4 e5 12. d5 g6 13. b4 Nh5 14. Re1 Rdf8 15. Bc3
f5 16. a4 f4 17. Be2 Ng7 18. a5 Kb8 19. axb6 axb6 20. Nb1 cxb4 21. Bxb4 Nc5 22.
Nc3 Ne8 23. Qc2 g5 24. Nd2 Qc8 25. Reb1 Bd8 26. Nb5 Qd7 27. Ra3 Nc7 28. Bxc5
bxc5 29. Qb2 Nxb5 30. cxb5 Bc7 31. Nc4 Re8 32. Rba1 Kc8 33. Ra7 Bd8 34. Qa2 Qc7
35. Bg4+ 1-0

[Event "Druga liga CS - Zapad 2018"]
[Site "?"]
[Date "2018.10.05"]
[Round "8.2"]
[White "Kolarevic, Darko"]
[Black "Vlajkovic, Stanko"]
[Result "1/2-1/2"]
[WhiteElo "2163"]
[BlackElo "2224"]
[PlyCount "105"]
[EventDate "2018.09.07"]
[WhiteTeam "IVANJICA- Ivanjica"]
[BlackTeam "ARANDJELOVACKI SK - Arandjelovac"]

1. d4 Nf6 2. c4 g6 3. Nc3 Bg7 4. e4 d6 5. Nf3 O-O 6. Be2 Nbd7 7. O-O e5 8. Re1
exd4 9. Nxd4 Re8 10. Bf1 Nc5 11. f3 a5 12. Rb1 h5 13. Bg5 Ne6 14. Nxe6 Bxe6 15.
Nd5 Bxd5 16. cxd5 c6 17. dxc6 bxc6 18. Qa4 Rc8 19. Be3 d5 20. Ba6 Rb8 21. exd5
Nxd5 22. Bf2 Rxe1+ 23. Rxe1 Nb4 24. Bc4 Bxb2 25. Rd1 Qc7 26. a3 Nd5 27. Bxd5
cxd5 28. Rxd5 Qc1+ 29. Rd1 Qc3 30. Qf4 Re8 31. a4 Qc2 32. Re1 Rxe1+ 33. Bxe1
Qd1 34. Qd2 Bd4+ 35. Kf1 Qxa4 36. g3 Qc4+ 37. Qe2 Qxe2+ 38. Kxe2 Bb6 39. Kd3
Kf8 40. Kc4 Ke7 41. Kb5 Bg1 42. h3 Kd6 43. Bxa5 Kd5 44. Bc3 Bh2 45. g4 Be5 46.
Bd2 f5 47. gxh5 gxh5 48. Kb4 f4 49. Kb3 Bc7 50. Bc3 Bd6 51. Kc2 Ke6 52. Kd3 Be5
53. Be1 1/2-1/2

[Event "Druga liga CS - Zapad 2018"]
[Site "?"]
[Date "2018.10.05"]
[Round "8.2"]
[White "Cirakovic, Ivan"]
[Black "Gavrilovic, Vladan"]
[Result "0-1"]
[WhiteElo "2157"]
[BlackElo "2174"]
[PlyCount "75"]
[EventDate "2018.09.07"]
[WhiteTeam "ARANDJELOVACKI SK - Arandjelovac"]
[BlackTeam "IVANJICA- Ivanjica"]

1. e4 d5 2. exd5 Qxd5 3. Nf3 c6 4. d4 Nf6 5. c4 Qd6 6. Nc3 Bg4 7. Be2 e6 8. h3
Bxf3 9. Bxf3 Be7 10. Be3 Nbd7 11. O-O O-O 12. Qd2 Rfe8 13. Rfd1 Qb4 14. b3 Qa3
15. Qc2 Rac8 16. Rac1 b5 17. Nb1 Qa6 18. cxb5 cxb5 19. Qe2 Qa5 20. Bc6 a6 21.
Bg5 Red8 22. Bf3 h6 23. Bf4 Bf8 24. Bb7 Rxc1 25. Rxc1 Qb4 26. Bxa6 Qxd4 27. Be3
Qe5 28. Bxb5 Ne8 29. a4 Bd6 30. g3 Ndf6 31. Ba7 Qg5 32. Be3 Bf4 33. h4 Qg6 34.
Bd3 Ne4 35. Qf3 Bxe3 36. Bxe4 f5 37. fxe3 fxe4 38. Qg2 0-1

[Event "Druga liga CS - Zapad 2018"]
[Site "?"]
[Date "2018.10.05"]
[Round "8.2"]
[White "Milikic, Milorad"]
[Black "Ivanovic, Lazar"]
[Result "0-1"]
[WhiteElo "2015"]
[BlackElo "2076"]
[PlyCount "76"]
[EventDate "2018.09.07"]
[WhiteTeam "IVANJICA- Ivanjica"]
[BlackTeam "ARANDJELOVACKI SK - Arandjelovac"]

1. e4 c5 2. Nc3 g6 3. Nf3 Bg7 4. Bc4 Nc6 5. a4 d6 6. d3 e6 7. O-O Nge7 8. Bg5
h6 9. Bh4 O-O 10. Re1 Re8 11. Rb1 a6 12. h3 Qa5 13. Bg3 Rd8 14. Bh4 Rd7 15. Nh2
Nd4 16. f4 b5 17. Bb3 Rc7 18. Nf3 Nec6 19. Nxd4 cxd4 20. axb5 dxc3 21. bxc6
cxb2 22. Bd8 Qc5+ 23. Kh2 Rxc6 24. Ba4 Bd7 25. Bxc6 Bxc6 26. Be7 Ba4 27. Re2
Ra7 28. Bh4 Rc7 29. e5 dxe5 30. fxe5 Bxc2 31. Qe1 Bxb1 32. Qxb1 Bxe5+ 33. Rxe5
Qxe5+ 34. Bg3 Qc3 35. Qf1 Qc1 36. Qf6 b1=Q 37. Qd8+ Kh7 38. Be5 Qg1+ 0-1

[Event "Druga liga CS - Zapad 2018"]
[Site "?"]
[Date "2018.10.05"]
[Round "8.2"]
[White "Lojovic, Matija"]
[Black "Miletic, Vojin"]
[Result "1-0"]
[WhiteElo "2129"]
[BlackElo "1584"]
[PlyCount "45"]
[EventDate "2018.09.07"]
[WhiteTeam "ARANDJELOVACKI SK - Arandjelovac"]
[BlackTeam "IVANJICA- Ivanjica"]

1. d4 d5 2. Nf3 Nf6 3. e3 Bg4 4. c4 e6 5. Nc3 c6 6. Qb3 Qc7 7. Ne5 Bf5 8. Bd2
Nbd7 9. Rc1 Bd6 10. cxd5 exd5 11. Nb5 Qb8 12. Nxd6+ Qxd6 13. Qxb7 Rb8 14. Qxc6
Qxc6 15. Rxc6 Nxe5 16. dxe5 Ng4 17. Bc3 O-O 18. h3 Nh6 19. f3 Bb1 20. a3 Nf5
21. Kf2 Rfc8 22. Rxc8+ Rxc8 23. Ba6 1-0

[Event "Druga liga CS - Zapad 2018"]
[Site "?"]
[Date "2018.10.05"]
[Round "8.3"]
[White "Burovic, Ismet"]
[Black "Vujic, Mihailo"]
[Result "1-0"]
[WhiteElo "2332"]
[BlackElo "2327"]
[PlyCount "33"]
[EventDate "2018.09.07"]
[WhiteTeam "TUTIN - Tutin"]
[BlackTeam "LOZNICA GRAD - Loznica"]

1. e4 e5 2. f4 Nc6 3. Bc4 Bc5 4. Nf3 d6 5. Nc3 Nf6 6. d3 a6 7. Nd5 Nxd5 8. Bxd5
exf4 9. Bxf4 Qf6 10. Qc1 Nd4 11. Nxd4 Qxd4 12. Rf1 O-O 13. c3 Qa4 14. Rf3 Be6
15. Bh6 Bxd5 16. Qg5 Bd4 17. Bxg7 1-0

[Event "Druga liga CS - Zapad 2018"]
[Site "?"]
[Date "2018.10.05"]
[Round "8.3"]
[White "Tojagic, Dane"]
[Black "Suljovic, Sulejman"]
[Result "1/2-1/2"]
[WhiteElo "2275"]
[BlackElo "2236"]
[PlyCount "69"]
[EventDate "2018.09.07"]
[WhiteTeam "LOZNICA GRAD - Loznica"]
[BlackTeam "TUTIN - Tutin"]

1. d4 e6 2. c4 f5 3. Nf3 Nf6 4. g3 b6 5. Bg2 Bb7 6. O-O Be7 7. d5 O-O 8. Nd4
Qc8 9. Nc3 c5 10. Nc2 Ne8 11. e4 Bf6 12. Ne3 Bxc3 13. bxc3 fxe4 14. Bxe4 Nf6
15. Bg2 Na6 16. Ng4 Nxg4 17. Qxg4 Nc7 18. dxe6 Bxg2 19. Kxg2 Qb7+ 20. f3 Nxe6
21. Be3 Rf7 22. Kg1 Raf8 23. Qe4 Qxe4 24. fxe4 Nd8 25. Bf4 Nc6 26. Rad1 Na5 27.
Rd5 Nxc4 28. Rfd1 Rxf4 29. gxf4 Ne3 30. f5 Nxd1 31. Rxd1 Rf7 32. Kg2 g6 33.
fxg6 hxg6 34. Rd6 Kg7 35. a4 1/2-1/2

[Event "Druga liga CS - Zapad 2018"]
[Site "?"]
[Date "2018.10.05"]
[Round "8.3"]
[White "Ikic, Alija"]
[Black "Markovic, Dragan P"]
[Result "1/2-1/2"]
[WhiteElo "2160"]
[BlackElo "2206"]
[PlyCount "33"]
[EventDate "2018.09.07"]
[WhiteTeam "TUTIN - Tutin"]
[BlackTeam "LOZNICA GRAD - Loznica"]

1. Nf3 d5 2. c4 c6 3. b3 Nf6 4. g3 Bg4 5. Bg2 e6 6. Bb2 Nbd7 7. O-O Bd6 8. d3
O-O 9. Nbd2 Qe7 10. Rc1 Ba3 11. Bxa3 Qxa3 12. Rc2 Rfd8 13. Qc1 Qe7 14. h3 Bxf3
15. Nxf3 Qd6 16. a3 a5 17. Qb2 1/2-1/2

[Event "Druga liga CS - Zapad 2018"]
[Site "?"]
[Date "2018.10.05"]
[Round "8.3"]
[White "Jovic, Branko"]
[Black "Osatovic, Milos"]
[Result "1/2-1/2"]
[WhiteElo "2031"]
[BlackElo "2115"]
[PlyCount "22"]
[EventDate "2018.09.07"]
[WhiteTeam "TUTIN - Tutin"]
[BlackTeam "LOZNICA GRAD - Loznica"]

1. e4 c5 2. Nf3 d6 3. d4 cxd4 4. Nxd4 Nf6 5. Nc3 g6 6. Be2 Bg7 7. O-O Nc6 8.
Be3 O-O 9. Kh1 Bd7 10. Nb3 Rc8 11. f4 a6 1/2-1/2

[Event "Druga liga CS - Zapad 2018"]
[Site "?"]
[Date "2018.10.05"]
[Round "8.3"]
[White "Osatovic, Aleksandar"]
[Black "Semsovic, Alija"]
[Result "*"]
[WhiteElo "2169"]
[BlackElo "2063"]
[PlyCount "81"]
[EventDate "2018.09.07"]
[WhiteTeam "LOZNICA GRAD - Loznica"]
[BlackTeam "TUTIN - Tutin"]

1. d4 f5 2. c4 e6 3. Nf3 Bb4+ 4. Bd2 Qe7 5. Qc2 Nf6 6. a3 Bxd2+ 7. Nbxd2 b6 8.
e3 Bb7 9. Bd3 Na6 10. b4 c5 11. bxc5 bxc5 12. Rb1 Rb8 13. Qa4 Qd6 14. O-O O-O
15. d5 Ba8 16. e4 fxe4 17. Nxe4 Nxe4 18. Bxe4 exd5 19. cxd5 Rb6 20. Rbd1 Qf4
21. g3 Qf6 22. Qxd7 Rf7 23. Qg4 h6 24. Nd2 Nb8 25. d6 Bc6 26. Bxc6 Rxc6 27. Ne4
Qe5 28. Rfe1 Nd7 29. f4 Qf5 30. Qf3 Rb6 31. Qc3 Kh7 32. Qc4 Rb2 33. Rd5 Qh3 34.
Nf2 Rxf2 35. Kxf2 Qxh2+ 36. Kf3 Nb6 37. Qd3+ g6 38. Rxc5 Nd7 39. Ra5 a6 40. Qe2
Qh3 41. Qe6 *

[Event "Druga liga CS - Zapad 2018"]
[Site "?"]
[Date "2018.10.05"]
[Round "8.3"]
[White "Dzaferovic, Dzafer"]
[Black "Simic, Goran S"]
[Result "1/2-1/2"]
[WhiteElo "1883"]
[BlackElo "2068"]
[PlyCount "29"]
[EventDate "2018.09.07"]
[WhiteTeam "TUTIN - Tutin"]
[BlackTeam "LOZNICA GRAD - Loznica"]

1. d4 d5 2. c4 e6 3. Nf3 Nf6 4. Nc3 Be7 5. e3 O-O 6. Bd3 b6 7. O-O Bb7 8. b3
Nbd7 9. Qe2 c5 10. Bb2 Rc8 11. cxd5 Nxd5 12. Ba6 Nxc3 13. Bxc3 Qc7 14. Bxb7
Qxb7 15. dxc5 1/2-1/2

[Event "Druga liga CS - Zapad 2018"]
[Site "?"]
[Date "2018.10.05"]
[Round "8.3"]
[White "Gajic, Aleksandar"]
[Black "Muminovic, Edin"]
[Result "0-1"]
[WhiteElo "1865"]
[BlackElo "1774"]
[PlyCount "67"]
[EventDate "2018.09.07"]
[WhiteTeam "LOZNICA GRAD - Loznica"]
[BlackTeam "TUTIN - Tutin"]

1. Nf3 d5 2. c4 e6 3. d4 Nf6 4. Nc3 c5 5. e3 Be7 6. Be2 O-O 7. O-O Nc6 8. b3 b6
9. Bb2 Bb7 10. Rc1 Rc8 11. cxd5 Nxd5 12. dxc5 Nxc3 13. Bxc3 Bxc5 14. Qc2 Qe7
15. Rcd1 Rfd8 16. Bd3 h6 17. Qb2 f6 18. Bc4 Rd7 19. Nd4 Nd8 20. Rd2 Kh8 21.
Rfd1 Bxd4 22. exd4 Rdc7 23. a3 Qf7 24. Rd3 a6 25. a4 Qg6 26. Rg3 Qf7 27. Bd2
Nc6 28. Re1 Re7 29. b4 Rd8 30. Bc3 h5 31. Rge3 Qg6 32. g3 h4 33. Be2 Rde8 34.
d5 0-1